000 00475nam a2200193 a 4500
001 9630
003 CO-ViMGA
008 141112s2004 ck r 000 u spa d
020 _a8434416905
040 _aCO-ViMGA
_bspa
_cCO-ViMGA
082 0 4 _a301 F715s
100 1 _aFrancisco, Andres
_911128
245 1 0 _aSociologĂ­a y cambio social
260 _aBarcelona (E)Ariel 1997
300 _a207.p.
650 1 4 _aCAMBIO SOCIAL
_911129
650 1 4 _aSOCIOLOGIA
942 _2ddc
_cBK
999 _c21100
_d21100